UBT Library

Nursing diagnosis : (Record no. 44205)

000 -LEADER
fixed length control field 01052cam a22003014a 4500
001 - CONTROL NUMBER
control field 15771446
005 - DATE AND TIME OF LATEST TRANSACTION
control field 20180306082535.0
008 - FIXED-LENGTH DATA ELEMENTS--GENERAL INFORMATION
fixed length control field 090610s2010 paua b 001 0 eng
010 ## - LIBRARY OF CONGRESS CONTROL NUMBER
LC control number 2009023842
016 7# - NATIONAL BIBLIOGRAPHIC AGENCY CONTROL NUMBER
Record control number 101507716
Source DNLM
020 ## - INTERNATIONAL STANDARD BOOK NUMBER
International Standard Book Number 9780781777926 (hard copy : alk. paper)
020 ## - INTERNATIONAL STANDARD BOOK NUMBER
International Standard Book Number 0781777925 (hard copy : alk. paper)
035 ## - SYSTEM CONTROL NUMBER
System control number (OCoLC)ocn390530325
040 ## - CATALOGING SOURCE
Original cataloging agency DNLM/DLC
Transcribing agency DLC
Modifying agency YDX
-- NLM
-- SMV
-- DNF
-- VAM
-- UBY
-- CDX
-- DLC
041 ## - LANGUAGE CODE
Language code of text/sound track or separate title eng
042 ## - AUTHENTICATION CODE
Authentication code pcc
060 00 - NATIONAL LIBRARY OF MEDICINE CALL NUMBER
Classification number 2009 K-430
060 10 - NATIONAL LIBRARY OF MEDICINE CALL NUMBER
Classification number WY 18.2
Item number N9753 2010
080 ## - UNIVERSAL DECIMAL CLASSIFICATION NUMBER
Universal Decimal Classification number 616.075 JUA
082 00 - DEWEY DECIMAL CLASSIFICATION NUMBER
Classification number 616.075 JUA
Edition number 22
100 ## - Rafti
Rafti 1
101 ## - Shkurtesa
Shkurtesa INF
245 00 - TITLE STATEMENT
Title Nursing diagnosis :
Statement of responsibility, etc [edited by] Lynda Juall Carpenito-Moyet.
504 ## - BIBLIOGRAPHY, ETC. NOTE
Bibliography, etc Includes bibliographical references and indexes.
906 ## - LOCAL DATA ELEMENT F, LDF (RLIN)
a 7
b cbc
c orignew
d 1
e ecip
f 20
g y-gencatlg
942 ## - ADDED ENTRY ELEMENTS (KOHA)
Source of classification or shelving scheme
Item type Books
Holdings
Withdrawn status Lost status Source of classification or shelving scheme Damaged status Not for loan Collection code Permanent location Current location Shelving location Date acquired Total Checkouts Full call number Barcode Date last seen Price effective from Koha item type
          Koleksioni i përgjithshem UBT - Lipjan UBT - Lipjan Koleksioni i përgjithshem 03/06/2018   616.075 JUA 002-3000705 03/06/2018 03/06/2018 Books
UBT Library © 2015-2024. All rights reserved University Education for Business and Technology